Synthesis and application of poly(butadiene-g-acrylonitrile-styrene) core-shell rubber particles for use in epoxy resin toughening. 1. Synthesis of poly(butadiene-g-acrylonitrile-styrene (Record no. 70123)

MARC details
000 -LEADER
fixed length control field 00561nam a2200157Ia 4500
100 ## - MAIN ENTRY--AUTHOR NAME
Personal name Sohn S
245 #0 - TITLE STATEMENT
Title Synthesis and application of poly(butadiene-g-acrylonitrile-styrene) core-shell rubber particles for use in epoxy resin toughening. 1. Synthesis of poly(butadiene-g-acrylonitrile-styrene
260 ## - PUBLICATION, DISTRIBUTION, ETC. (IMPRINT)
Name of publisher Journal of Applied Polymer Science
Year of publication 1996
300 ## - PHYSICAL DESCRIPTION
Number of Pages 1259-1264
650 ## - SUBJECT ADDED ENTRY--TOPICAL TERM
Topical Term Epoxy resin toughening
650 ## - SUBJECT ADDED ENTRY--TOPICAL TERM
Topical Term Poly core-shell rubber
700 ## - ADDED ENTRY--PERSONAL NAME
Personal name Hong S I
700 ## - ADDED ENTRY--PERSONAL NAME
Personal name Kim S
942 ## - ADDED ENTRY ELEMENTS (KOHA)
Koha item type Journals
Holdings
Withdrawn status Lost status Damaged status Not for loan Home library Current library Shelving location Date acquired Serial Enumeration / chronology Koha item type
      Journals RRII Library RRII Library Rubber chemistry 17/12/2021 Volume 61, Issue 8 Journals